00569 a2200181 450000100060000002000150000604000220002110000190004324000270006224500220008930000070011136200090011865000230012794200070015095201130015795201000027099900170037057411 a8526228145 cAnchieta - Pituba aQuintella, Ary10aA ilha do tesourolpor10aA ilha do tesouro a720 a1996 4aLiteratura juvenil cBK 00104070a91.1b91.1d2023-11-21l0oLJ 028.5 S847i STE ILHp7480/PITr2023-11-21 18:25:06w2023-11-21yBK 00102ddc4070a57.2b57.2d2024-07-11l0pfm63r2024-07-11 19:22:45w2024-07-11yBKzFD2/EMu c57411d57411